000
00349pam a2200157a 44500
008
230515b1964 xxu||||| |||| 00| 0 eng d
020
_a
NULL
041
_a
ENGLISH
082
_a
N.D.
100
_a
Dimensions For Is
245
_a
Indian Standard Star Grip
250
_a
0
260
_a
NULL
_b
Indian Std.
_c
1964
300
_a
8
650
_a
NULL
999
_c
574383
_d
574383